000 00467 a2200193 4500
005 20260128105148.0
008 260127b |||||||| |||| 00| 0 eng d
020 _a9788183767521
_cRs. 1795.00
040 _aMAIN
082 _a351.0285
_bR18E
100 _aRao, V M
245 _aE-governance
260 _bABD Publishers
_c2024
_aJaipur
300 _a319
650 _aPublic Administration
650 _aE-Governance
650 _aE-Democracy
942 _cBK
999 _c394424
_d394424